000 00588nam a2200181Ia 4500
008 100920s9999 xx 000 0 und d
082 _b79399
_a24 न 00
100 _aपिंगे रविंद्र.
245 _aजिवलग सारे.
260 _bज्ञानदा पब्लिकेशन्स प्रा. लि., पुणे 2.
_c2000
300 _a147
_bसाधी
365 _b180
520 _aसायो.
630 _aजिवलग सारे.
650 _aसायो.
730 _aजिवलग सारे.
942 _cBOOK
999 _c711052
_d711049